|
|
|
|
| LEADER |
00000cam a2200000 a 4500 |
| 001 |
1/109573 |
| 008 |
160114s2011####gr ||||||| |||||||gre|| |
| 020 |
|
|
|a 9789604181643
|
| 040 |
|
|
|a GR-MyUa
|b gre
|c GR-MyUa
|e AACR2
|
| 041 |
0 |
|
|a gre
|
| 082 |
7 |
|
|a 006.7
|2 (23)
|
| 100 |
1 |
|
|a Ζευγώλης, Δημήτριος.
|
| 245 |
1 |
0 |
|a Πολυμέσα :
|b χρήση τεχνολογιών και εφαρμογές με ερωτήσεις πολλαπλών επιλογών /
|c Δ. Ζευγώλης, Γ. Στυλιαράς.
|
| 260 |
|
|
|a Αθήνα :
|b Τζιόλας,
|c 2011.
|
| 300 |
|
|
|a 172 σ. :
|b έγχρ. εικ. ;
|c 25 εκ.
|
| 504 |
|
|
|a Βιβλιογραφία: σ.165-172.
|
| 505 |
0 |
|
|a Χρήση τεχνολογιών στα πολυμέσα - Εισαγωγή στην Πληροφορική - Ψηφιακή τεχνολογία και ψηφιοποίηση - Ηλεκτρονικοί υπολογιστές - Σύγχρονες εφαρμογές της πληροφορικής και των πολυμέσων - Εφαρμογές πολυμέσων - Χαρακτηριστικές εφαρμογές πολυμέσων - Κείμενο - Εικόνα-σχέδια - Ήχος - Βίντεο - Animation και 3D - Θέματα πολλαπλών επιλογών.
|
| 650 |
|
0 |
|a Interactive multimedia.
|
| 700 |
1 |
|
|a Στυλιαράς, Γεώργιος.
|
| 852 |
|
|
|a INST
|b LESVOS
|c EUDOXUS
|e 20160426
|h 006.7 ΖΕΥ
|p 005100057584
|q 005100057584
|t EDX
|y 0
|
| 852 |
|
|
|a INST
|b LESVOS
|c EUDOXUS
|e 20160114
|h 006.7 ΖΕΥ
|p 005100057820
|q 005100057820
|t EDX
|y 0
|
| 852 |
|
|
|a INST
|b LESVOS
|c EUDOXUS
|e 20181025
|h 006.7 ΖΕΥ
|p 005100059843
|q 005100059843
|t EDX
|y 0
|
| 920 |
|
|
|a Εύδοξος
|b Παραγγελία
|y Λέσβος-ΤΠΤΕ
|z 2016-01
|
| 920 |
|
|
|a Εύδοξος
|b Επιστροφή
|y Λέσβος
|z 2018-10
|
| 970 |
|
|
|a Τζαφέρη
|b Ευαγγελία
|z 14-01-2016
|